| 000 | 00616nam a2200217Ia 4500 | ||
|---|---|---|---|
| 005 | 20240313103615.0 | ||
| 008 | 131103s9999 xx 000 0 und d | ||
| 040 | _aLoreto College | ||
| 041 | _aEnglish | ||
| 082 |
_a371.92 _bSHA |
||
| 100 | _aShanker,Uday | ||
| 245 |
_aProblem Children, _cUday Shanker |
||
| 250 | _aBased on Case Studies of Indian Children | ||
| 260 |
_aDelhi _bAtma Ram & Sons _c[1958] |
||
| 300 |
_a223 p. _b illus.,tables |
||
| 504 | _aIncludes bibliography and index | ||
| 650 | _aSpecial Education | ||
| 651 | _aStudents with Mental Disabilities | ||
| 850 | _aLCLIB | ||
| 942 | _cBK | ||
| 999 |
_c10476 _d60955 |
||